Mathematical methods in chemical engineering (Record no. 25039)

000 -LEADER
fixed length control field 00548nam a22002051 4500
001 - CONTROL NUMBER
control field 25039
003 - CONTROL NUMBER IDENTIFIER
control field BD-DhUET
008 - FIXED-LENGTH DATA ELEMENTS--GENERAL INFORMATION
fixed length control field 730313s1963 xx 000 0 eng
040 ## - CATALOGING SOURCE
Original cataloging agency DLC
Transcribing agency OClU
Modifying agency BD-DhUET
082 ## - DEWEY DECIMAL CLASSIFICATION NUMBER
Classification number 660.28
Item number JEN/1963
100 ## - MAIN ENTRY--PERSONAL NAME
Personal name Jenson, V. G.
245 10 - TITLE STATEMENT
Title Mathematical methods in chemical engineering
250 ## - EDITION STATEMENT
Edition statement 1st ed.
260 ## - PUBLICATION, DISTRIBUTION, ETC. (IMPRINT)
Place of publication, distribution, etc. London
Name of publisher, distributor, etc. Academic Press
Date of publication, distribution, etc. 1963
300 ## - PHYSICAL DESCRIPTION
Extent xi, 556 p.
Other physical details illus.
Dimensions 24cm.
504 ## - BIBLIOGRAPHY, ETC. NOTE
Bibliography, etc Includes bibliographies
650 #0 - SUBJECT ADDED ENTRY--TOPICAL TERM
Topical term or geographic name as entry element Chemical engineering
700 ## - ADDED ENTRY--PERSONAL NAME
Personal name Jeffreys, G. V.
942 ## - ADDED ENTRY ELEMENTS (KOHA)
Koha item type General Book
Holdings
Not for loan Withdrawn status Copy number Location (home branch) Damaged status Koha date last seen Date acquired Koha full call number Source of classification or shelving scheme Lost status Price effective from Koha item type Koha normalized classification for sorting Sublocation or collection (holding branch) Shelving location Piece designation (barcode)
  1Central Library, BUET 2015-05-122015-05-12660.28/JEN/1963  2015-05-12General Book660_280000000000000_JEN_1963Central Library, BUETCirculation section22438
  2Central Library, BUET 2015-05-122015-05-12660.28/JEN/1963  2015-05-12General Book660_280000000000000_JEN_1963Central Library, BUETCirculation section22440
  3Central Library, BUET 2015-05-122015-05-12660.28/JEN/1963  2015-05-12General Book660_280000000000000_JEN_1963Central Library, BUETCirculation section22434
  4Central Library, BUET 2015-05-182015-05-18660.28/JEN/1963  2015-05-18General Book660_280000000000000_JEN_1963Central Library, BUETCirculation section22432
  5Central Library, BUET 2015-05-182015-05-18660.28/JEN/1963  2015-05-18General Book660_280000000000000_JEN_1963Central Library, BUETCirculation section22435
  6Central Library, BUET 2015-05-182015-05-18660.28/JEN/1963  2015-05-18General Book660_280000000000000_JEN_1963Central Library, BUETCirculation section29450
  7Central Library, BUET 2015-05-182015-05-18660.28/JEN/1963  2015-05-18General Book660_280000000000000_JEN_1963Central Library, BUETCirculation section29449
  8Central Library, BUET 2015-05-182015-05-18660.28/JEN/1963  2015-05-18General Book660_280000000000000_JEN_1963Central Library, BUETCirculation section29448
  9Central Library, BUET 2015-05-182015-05-18660.28/JEN/1963  2015-05-18General Book660_280000000000000_JEN_1963Central Library, BUETCirculation section29457
  10Central Library, BUET 2015-05-182015-05-18660.28/JEN/1963  2015-05-18General Book660_280000000000000_JEN_1963Central Library, BUETCirculation section29454
  11Central Library, BUET 2015-05-182015-05-18660.28/JEN/1963  2015-05-18General Book660_280000000000000_JEN_1963Central Library, BUETCirculation section29453
  12Central Library, BUET 2015-05-182015-05-18660.28/JEN/1963  2015-05-18General Book660_280000000000000_JEN_1963Central Library, BUETCirculation section29451
  13Central Library, BUET 2015-05-182015-05-18660.28/JEN/1963  2015-05-18General Book660_280000000000000_JEN_1963Central Library, BUETCirculation section22431
  14Central Library, BUET 2015-05-182015-05-18660.28/JEN/1963  2015-05-18General Book660_280000000000000_JEN_1963Central Library, BUETCirculation section29452
  15Central Library, BUET 2015-05-182015-05-18660.28/JEN/1963  2015-05-18General Book660_280000000000000_JEN_1963Central Library, BUETCirculation section22436
  16Central Library, BUET 2015-06-172015-06-17660.28/JEN/1963  2015-06-17Reading Item660_280000000000000_JEN_1963Central Library, BUETReading section29456
  17Central Library, BUET 2015-06-182015-06-18660.28/JEN/1963  2015-06-18Reading Item660_280000000000000_JEN_1963Central Library, BUETReading section29455.
  18Central Library, BUET 2015-07-102015-07-10660.28/JEN/1963  2015-07-10Reading Item660_280000000000000_JEN_1963Central Library, BUETReading section22439